| 000 | 00635cab a22001935a 4500 | ||
|---|---|---|---|
| 001 | L152672 | ||
| 008 | 110412e20110407xxk 000 0 eng d | ||
| 035 | _a(Sirsi) u152672 | ||
| 041 | 0 | _aeng | |
| 100 | 1 | _aPatterson, Lindy | |
| 245 | 0 | 0 | _aCrucial issues around cross-contract set off |
| 260 | _c2011 | ||
| 490 |
_aConstruction News _v(7212) 7 April 2011, 35(1) |
||
| 520 | _aSet off or withholding within the same contract where there are cross claims is straightforward but what about between two contracts? | ||
| 590 | _aKA | ||
| 651 | 4 |
_aUnited Kingdom _y |
|
| 690 | _aBUILT ENVIRONMENT-CONSTRUCTION MANAGEMENT | ||
| 942 | _n0 | ||
| 999 |
_c83053 _d83053 |
||